LEADER 00943nam 2200361 450 001 990000510740203316 035 $a0051074 035 $aUSA010051074 035 $a(ALEPH)000051074USA01 035 $a0051074 100 $a20010614d--------km-y0itay0103----ba 101 $aita 102 $aIT 105 $a||||||||001yy 200 1 $aCiviltà e cultura i Puglia$fa cura di Cosimo Damiano Fonseca 210 $aMilano$cElecta 215 $av.$d28 410 $12001 461 1$1001-------$12001 606 0 $aPuglia$xStoria 606 0 $aPuglia$xCultura 606 0 $aArte$yPuglia 676 $a945.75 801 0$aIT$bsalbc$gISBD 912 $a990000510740203316 951 $aX C 57$bLM$cX C 959 $aBK 969 $aUMA 979 $aPATTY$b90$c20010614$lUSA01$h1751 979 $c20020403$lUSA01$h1700 979 $aPATRY$b90$c20040406$lUSA01$h1635 996 $aCiviltà e cultura i Puglia$9887012 997 $aUNISA LEADER 00694nam a2200205 i 4500 001 991004284438107536 005 20230727101148.0 008 230727s2022 it e 000 0 ita 020 $a9788892142961 040 $aBibl. Dip.le Aggr. Scienze Giuridiche - Sez. Studi Giuridici$bita 082 0 $a345.450773 100 1 $aMastrototaro, Rossella$0481372 245 13$aIl "giusto procedimento" di sorveglianza /$cRossella Mastrototaro 260 $aTorino :$bGiappichelli,$c2022 300 $aX, 319 p. ;$c24 cm 504 $aBibliogr.: p. 295-319 650 4$aProcedimento di sorveglianza 912 $a991004284438107536 996 $aGiusto procedimento di sorveglianza$93087288 997 $aUNISALENTO